Las metamorfosis de la cuestión social: una crónica del salariado
محفوظ في:
| المؤلف الرئيسي: | |
|---|---|
| التنسيق: | كتاب |
| اللغة: | الإسبانية |
| منشور في: |
Buenos Aires
Paidós
1997
|
| سلاسل: | Paidós Estado y Sociedad, 57
|
| الموضوعات: | |
| الوسوم: |
إضافة وسم
لا توجد وسوم, كن أول من يضع وسما على هذه التسجيلة!
|
MARC
| LEADER | 00000cam a2200000 a 4500 | ||
|---|---|---|---|
| 001 | UCM4037 | ||
| 003 | CL-VaPUC | ||
| 008 | 020726e19970000AG |||||||||||||||||spa|d | ||
| 020 | |a 9789501254570 | ||
| 082 | 0 | 4 | |a 303.4 |b CAS |2 21 |
| 100 | 0 | |a Castel, Robert |e author |9 470556 | |
| 245 | 1 | 4 | |a Las metamorfosis de la cuestión social: una crónica del salariado |
| 300 | |a 493 p | ||
| 942 | |c BK | ||
| 945 | |d 20020726 00:00:00 |a cmena | ||
| 260 | |a Buenos Aires |b Paidós |c 1997 | ||
| 650 | 0 | |a Cambio social |9 256857 | |
| 650 | 0 | |a Grupos sociales |9 268887 | |
| 650 | 0 | |a Discriminación social |9 323032 | |
| 650 | 0 | |a Proletariado |9 269152 | |
| 583 | |a last modification |c 20120515 03:13:37 |k Rodrigo Vera | ||
| 490 | 0 | |a Paidós Estado y Sociedad, 57 | |
| 999 | |c 300952 |d 300950 | ||
| 952 | |0 0 |1 0 |4 0 |6 303_400000000000000_CAS_1997 |7 0 |8 A |9 359413 |a BIBGIM |b BIBGIM |d 2019-11-21 |i 3831620 |o 303.4 CAS 1997 |p 3831620 |r 2025-01-15 |w 2019-11-21 |y BK |k SSL | ||
| 952 | |0 0 |1 0 |4 0 |6 303_400000000000000_CAS_1997 |7 0 |8 A |9 359414 |a BIBHIS |b BIBHIS |d 2019-11-21 |i 4866819 |l 1 |o 303.4 CAS 1997 |p 4866819 |r 2025-01-20 |s 2023-10-11 |w 2019-11-21 |y BK |k HIS | ||